[Event "Groningen op-A 53rd"]
[Site "Groningen"]
[Date "2015.12.24"]
[Round "4"]
[White "Chaurette, Laurent"]
[Black "Kasparova, Tatiana"]
[Result "0-1"]
[WhiteElo "1987"]
[BlackElo "2158"]
[PlyCount "75"]
[EventDate "2015.12.21"]
[EventType "swiss"]
[EventRounds "9"]
[EventCountry "NED"]
[SourceTitle "CBM 170 Extra"]
[Source "ChessBase"]
[SourceDate "2016.02.25"]
[SourceVersion "1"]
[SourceVersionDate "2016.02.25"]
[SourceQuality "1"]

1. d4 Nf6 2. Nf3 c5 3. d5 d6 4. Nc3 g6 5. e4 Bg7 6. Be2 0-0 7. 0-0 e6 8. Bf4 exd5 9. exd5 Bg4 10. h3 Bxf3 11. Bxf3 a6 12. a4 Qb6 13. Qd2 Nbd7 14. a5 Qc7 15. Rfe1 Rfe8 16. g4 Rxe1+ 17. Rxe1 Ne8 18. Ne4 Ne5 19. Be2 Nf6 20. Nxf6+ Bxf6 21. c4 b6 22. Bg5 Bxg5 23. Qxg5 Re8 24. Kf1 bxa5 25. Bd1 Rf8 26. b3 Qd8 27. Qe3 Qf6 28. Kg2 g5 29. h4 h6 30. hxg5 hxg5 31. f3 Ng6 32. Bc2 Nf4+ 33. Kf1 Qh6 34. Qg1 Kg7 35. Re7 Rh8 36. Ra7 Qf6 37. Rxa6 Qa1+ 38. Kf2 0-1

[Event "Montreal-ch op"]
[Site "Montreal"]
[Date "2015.09.11"]
[Round "1"]
[White "Zhu, Hong Rui"]
[Black "Chaurette, Laurent"]
[Result "1-0"]
[WhiteElo "2199"]
[BlackElo "2011"]
[PlyCount "47"]
[EventDate "2015.09.11"]
[EventType "swiss"]
[EventRounds "5"]
[EventCountry "CAN"]
[SourceTitle "EXT 2016"]
[Source "ChessBase"]
[SourceDate "2015.10.08"]
[SourceVersion "1"]
[SourceVersionDate "2015.10.08"]
[SourceQuality "1"]

1. e4 e6 2. d4 d5 3. Nd2 Nf6 4. e5 Nfd7 5. f4 c5 6. Ngf3 Nc6 7. Nb3 a6 8. Be3 cxd4 9. Nfxd4 Be7 10. c3 Qc7 11. Be2 b6 12. Nxc6 Qxc6 13. Nd4 Qc7 14. 0-0 Nc5 15. Rc1 0-0 16. b4 Ne4 17. c4 Qd7 18. cxd5 exd5 19. Nc6 Bb7 20. Bg4 Qxc6 21. Rxc6 Bxc6 22. Qb3 Bb5 23. Rc1 Bc4 24. Rxc4 1-0

[Event "Richmond Keres Memorial 40th"]
[Site "Richmond"]
[Date "2015.05.18"]
[Round "6.7"]
[White "Chaurette, Laurent"]
[Black "Kaufman, Raymond"]
[Result "0-1"]
[WhiteElo "1706"]
[BlackElo "2329"]
[PlyCount "64"]
[EventDate "2015.05.16"]
[EventType "swiss"]
[EventRounds "6"]
[EventCountry "CAN"]
[SourceTitle "EXT 2019"]
[Source "ChessBase"]
[SourceDate "2018.10.10"]
[SourceVersion "1"]
[SourceVersionDate "2018.10.10"]
[SourceQuality "1"]

1. d4 d5 2. c4 e6 3. Nf3 c6 4. Nc3 dxc4 5. a4 Bb4 6. g3 b5 7. Bg2 Bb7 8. 0-0 a6 9. Na2 Be7 10. b3 cxb3 11. Qxb3 Nf6 12. Bb2 Nbd7 13. Rfd1 0-0 14. Ne5 Nxe5 15. dxe5 Nd7 16. Rac1 Qc7 17. axb5 axb5 18. Nc3 Nc5 19. Qc2 Rfd8 20. Rxd8+ Rxd8 21. Ne4 Na4 22. Ba1 c5 23. Rb1 Qd7 24. Qc1 c4 25. g4 Nc5 26. Nd6 Bxg2 27. Kxg2 Nb3 28. Qf4 Bxd6 29. exd6 Qxd6 30. Be5 Qd5+ 31. e4 Qd2 32. Qg3 Qe2 0-1